La época del gótico y el Renacimiento (Record no. 189782)

MARC details
000 -LEADER
campo de control de longitud fija 01148nam a2200301 i 4500
001 - NÚMERO DE CONTROL
campo de control 189782
003 - IDENTIFICADOR DE NÚMERO DE CONTROL
campo de control ES-MaACL
005 - FECHA Y HORA DE LA ÚLTIMA TRANSACCIÓN
campo de control 20250815001145.0
007 - CAMPO FIJO DE DESCRIPCIÓN FÍSICA--INFORMACIÓN GENERAL
campo de control de longitud fija t|
008 - DATOS DE LONGITUD FIJA--INFORMACIÓN GENERAL
campo de control de longitud fija 191126s1934 sp ab |||| | spa d
245 03 - MENCIÓN DEL TÍTULO
Título La época del gótico y el Renacimiento
Resto del título : (1250-1500) /
Mención de responsabilidad, etc. por Walter Goetz, Jacob Strieder, Alfred Doren, Fedor Schneider, Karl Brandi, Fritz, Rörig, Martin Winkler, Hans Plischke ; versión española de Manuel García Morente.
260 ## - PUBLICACIÓN, DISTRIBUCIÓN, ETC.
Lugar de publicación, distribución, etc. Madrid :
Nombre del editor, distribuidor, etc. Espasa-Calpe,
Fecha de publicación, distribución, etc. 1934.
300 ## - DESCRIPCIÓN FÍSICA
Extensión XVI, 756 p., [34] p. (algunas pleg.) :
Otras características físicas il., mapas ;
Dimensiones 27 cm.
650 #7 - PUNTO DE ACCESO ADICIONAL DE MATERIA--TÉRMINO DE MATERIA
Término de materia o nombre geográfico como elemento de entrada Historia medieval
Fuente del encabezamiento o término embne
9 (RLIN) 13411
650 #4 - PUNTO DE ACCESO ADICIONAL DE MATERIA--TÉRMINO DE MATERIA
Término de materia o nombre geográfico como elemento de entrada Historia moderna-
Subdivisión cronológica S.XVI.
9 (RLIN) 168677
700 1# - ENTRADA AGREGADA--NOMBRE PERSONAL
Nombre de persona Goetz, Walter,
Fechas asociadas al nombre 1867-1958
9 (RLIN) 57579
700 1# - ENTRADA AGREGADA--NOMBRE PERSONAL
Nombre de persona Strieder, Jacob.
9 (RLIN) 168678
700 1# - ENTRADA AGREGADA--NOMBRE PERSONAL
Nombre de persona Doren, Alfred.
9 (RLIN) 168679
700 1# - ENTRADA AGREGADA--NOMBRE PERSONAL
Nombre de persona Schneider, Fedor.
9 (RLIN) 168680
700 1# - ENTRADA AGREGADA--NOMBRE PERSONAL
Nombre de persona Brandi, Karl
9 (RLIN) 31343
700 1# - ENTRADA AGREGADA--NOMBRE PERSONAL
Nombre de persona Rörig, Fritz.
9 (RLIN) 168681
700 1# - ENTRADA AGREGADA--NOMBRE PERSONAL
Nombre de persona Winkler, Martin.
9 (RLIN) 168682
700 1# - ENTRADA AGREGADA--NOMBRE PERSONAL
Nombre de persona Plischke, Hans.
9 (RLIN) 168683
700 1# - ENTRADA AGREGADA--NOMBRE PERSONAL
Nombre de persona García Morente, Manuel,
Fechas asociadas al nombre 1886-1942
9 (RLIN) 55002
852 ## - LOCALIZACIÓN
Ubicación ES-MaACL
Número de control de estantería F-15082
942 ## - ELEMENTOS DE ENTRADA SECUNDARIOS (KOHA)
Fuente del sistema de clasificación o colocación Clasificación decimal universal
Holdings
Estatus retirado Estado de pérdida Estado de daño No para préstamo Biblioteca de origen Biblioteca actual Ubicación en estantería Fecha de adquisición Fuente de adquisición Total de préstamos Signatura topográfica completa Código de barras Visto por última vez Precio de reemplazo Tipo de ítem Koha
        Biblioteca del Ateneo de Madrid Biblioteca del Ateneo de Madrid Sala Pecera Planta 2 26/11/2019     F-15082 1201291 23/02/2023 23/02/2023 Libro impreso